000 00332nam a22001457a 4500
003 SGT
020 _a9781509915965
082 _a343.087
_bLES
100 _aLESTER , SIMON
245 _aWORLD TRADE LAW
_bTEXT MATERIALS AND COMMENTARY
250 _a3
260 _aNEW DELHI
_bHART
_c2021
300 _aXIV , 992
942 _2ddc
_cBK
999 _c23351
_d23351